003280000a22001330004500060000800000082001700008100001600025245004900041250000600090260003900096260000900135300000900144650004100153 a100 a582.1303 DIC aWillis, J C aDictionary of the flowering plants and ferns a7 aCambridge, At tbe University Press c1966 a1214 aFlowering plants - ferns- dictionary